[Event "CZE-ch Betsys Online Blitz"]
[Site "Chess.com INT"]
[Date "2021.04.17"]
[Round "1"]
[White "Marcikan, Tomas"]
[Black "Budka, Jan"]
[Result "0-1"]
[WhiteElo "1724"]
[BlackElo "2158"]
[PlyCount "150"]
[EventDate "2021.04.17"]
[EventType "swiss (blitz)"]
[EventRounds "13"]
[EventCountry "CZE"]
[SourceTitle "CBM 201 Extra"]
[Source "ChessBase"]
[SourceDate "2021.05.31"]
[SourceVersion "1"]
[SourceVersionDate "2021.05.31"]
[SourceQuality "1"]

1. d4 e6 2. Bf4 Nf6 3. e3 Be7 4. Bd3 0-0 5. Ne2 c5 6. c3 Nc6 7. 0-0 d6 8. Qc2 h6 9. a3 b6 10. Bb5 Bb7 11. Nd2 Rc8 12. Rad1 cxd4 13. exd4 Qc7 14. Qa4 Rfd8 15. Rfe1 Nh5 16. Bg3 Nxg3 17. Nxg3 d5 18. Nf3 Bd6 19. Bxc6 Bxc6 20. Qc2 a5 21. Ne5 Be8 22. Qd3 b5 23. Qf3 b4 24. axb4 axb4 25. Rc1 Qb7 26. Ne2 Bxe5 27. dxe5 bxc3 28. bxc3 Rc4 29. Nd4 Qc7 30. Qg3 Rc8 31. Re3 Rxd4 32. Rb1 Re4 33. Rd3 Qxe5 34. Qxe5 Rxe5 35. h3 Re2 36. Rb7 Rc2 37. Rb3 f6 38. g4 Bf7 39. Kg2 e5 40. Ra3 e4 41. Re3 Be6 42. Kg3 Rc7 43. Ra6 Kf7 44. Ra8 g6 45. f3 f5 46. fxe4 fxe4 47. Kf4 Kf6 48. h4 Bf7 49. g5+ hxg5+ 50. hxg5+ Ke7 51. Ke5 R2xc3 52. Kd4 Rxe3 53. Kxe3 Rc3+ 54. Kd4 Rd3+ 55. Ke5 e3 56. Ra7+ Ke8 57. Kf6 e2 58. Rxf7 e1Q 59. Kxg6 Qe6+ 60. Rf6 Qxf6+ 61. Kxf6 Rg3 62. Ke5 Rxg5+ 63. Kd4 Rh5 64. Kd3 Kd7 65. Kd4 Kd6 66. Kd3 Rh4 67. Ke3 Ke5 68. Kd3 d4 69. Kd2 Kd5 70. Kd3 Rh3+ 71. Kd2 Ke4 72. Ke2 Rh2+ 73. Kd1 Ke3 74. Kc1 d3 75. Kd1 Rh1# 0-1

[Event "CZE-ch Betsys Online Blitz"]
[Site "Chess.com INT"]
[Date "2021.04.17"]
[Round "7"]
[White "Marcikan, Tomas"]
[Black "Caletkova, Michaela"]
[Result "0-1"]
[WhiteElo "1724"]
[BlackElo "1712"]
[PlyCount "72"]
[EventDate "2021.04.17"]
[EventType "swiss (blitz)"]
[EventRounds "13"]
[EventCountry "CZE"]
[SourceTitle "CBM 201 Extra"]
[Source "ChessBase"]
[SourceDate "2021.05.31"]
[SourceVersion "1"]
[SourceVersionDate "2021.05.31"]
[SourceQuality "1"]

1. e4 c6 2. d4 d5 3. e5 Bf5 4. c3 e6 5. Bd2 c5 6. Nf3 Nc6 7. Bb5 a6 8. Bxc6+ bxc6 9. Qa4 Qb6 10. 0-0 Bd3 11. Re1 Bb5 12. Qc2 Ne7 13. a4 Bc4 14. Na3 Bb3 15. Qd3 c4 16. Qe3 Bxa4 17. Qg5 Ng6 18. Nxc4 dxc4 19. Rxa4 Qxb2 20. Rea1 Be7 21. Qe3 Qb6 22. h4 Nxh4 23. Nxh4 Bxh4 24. Rb4 Qc7 25. Rab1 0-0 26. Rb7 Qa5 27. Qh3 Bd8 28. Qg4 Kh8 29. Rd7 Bc7 30. Rb7 Rac8 31. Bg5 h6 32. Be7 Rfe8 33. Bf6 gxf6 34. exf6 Rg8 35. Qh5 Qa1+ 36. Qd1 Qxd1# 0-1

[Event "CZE-ch Betsys Online Blitz"]
[Site "Chess.com INT"]
[Date "2021.04.17"]
[Round "5"]
[White "Marcikan, Tomas"]
[Black "Smejkal, Josef"]
[Result "0-1"]
[WhiteElo "1724"]
[BlackElo "1761"]
[PlyCount "48"]
[EventDate "2021.04.17"]
[EventType "swiss (blitz)"]
[EventRounds "13"]
[EventCountry "CZE"]
[SourceTitle "CBM 201 Extra"]
[Source "ChessBase"]
[SourceDate "2021.05.31"]
[SourceVersion "1"]
[SourceVersionDate "2021.05.31"]
[SourceQuality "1"]

1. e4 c5 2. Nf3 d6 3. d4 cxd4 4. Nxd4 Nf6 5. Nc3 g6 6. Bc4 Bg7 7. Bb3 0-0 8. h3 Nbd7 9. f4 e5 10. Nf3 Qb6 11. Qe2 Nh5 12. Be3 Qd8 13. Nd5 Ng3 14. Qf2 Nxh1 15. Qg1 exf4 16. Bxf4 Bxb2 17. Rb1 Bg7 18. Qxh1 Nf6 19. Bg5 Re8 20. Kf2 Nxe4+ 21. Kg1 Nxg5 22. Nxg5 Qxg5 23. Rf1 Be6 24. Nc7 Qc5+ 0-1

[Event "CZE-ch Betsys Online Blitz"]
[Site "Chess.com INT"]
[Date "2021.04.17"]
[Round "2"]
[White "Plchot, Miroslav"]
[Black "Marcikan, Tomas"]
[Result "0-1"]
[WhiteElo "1937"]
[BlackElo "1724"]
[PlyCount "52"]
[EventDate "2021.04.17"]
[EventType "swiss (blitz)"]
[EventRounds "13"]
[EventCountry "CZE"]
[SourceTitle "CBM 201 Extra"]
[Source "ChessBase"]
[SourceDate "2021.05.31"]
[SourceVersion "1"]
[SourceVersionDate "2021.05.31"]
[SourceQuality "1"]

1. c4 Nf6 2. Nc3 e5 3. g3 Bc5 4. Bg2 c6 5. d3 0-0 6. Nf3 Bd4 7. 0-0 Re8 8. e3 Bxc3 9. bxc3 d5 10. cxd5 cxd5 11. Qb3 e4 12. Nd4 exd3 13. c4 dxc4 14. Qxc4 Nc6 15. Nxc6 bxc6 16. Bxc6 Be6 17. Qa4 Bd7 18. Bb2 Bxc6 19. Qxc6 Rc8 20. Qxf6 gxf6 21. Rfd1 Rc2 22. Bd4 Qd5 23. a4 Qf3 24. Rf1 h5 25. Ra3 h4 26. Rxd3 h3 0-1